000 00540nam a2200181Ia 4500
999 _c14581
_d14581
003 OSt
005 20201113111744.0
008 190216s9999||||xx |||||||||||||| ||und||
020 _a9788176257459
040 _coclc
082 _a820
_bANS/C
100 _aAnsari, A A
_96314
245 0 _aA Critique Of Time In Shakespeare, Wordsworth, Iqbal And T S Eliot /
_cA A Ansari
260 _bSarup Book Publishers,
_c2011.
_aNew delhi:
300 _a118p
650 _aEnglish
942 _cBK
_2ddc
_h820
_iANS/C
_k820
_mANS/C